| 000 | 00524nam a2200193Ia 4500 | ||
|---|---|---|---|
| 003 | OSt | ||
| 005 | 20260120090911.0 | ||
| 008 | 210210b1928 xxu||||| |||| 00| 0 eng d | ||
| 040 | _cAL | ||
| 041 | _aKannada | ||
| 082 | _a859/157 | ||
| 100 |
_aAMINBHAVI _9154959 _dಅಮಿನ್ಭಾವಿ |
||
| 245 |
_aSurya grahana: _bಸೂರ್ಯ ಗ್ರಹಣ |
||
| 260 |
_aAnandavana _b- _c1928 |
||
| 690 |
_aKannada Fiction _9154960 |
||
| 700 |
_aKARPURA _9154961 _dಕರ್ಪೂರ |
||
| 906 | _a020936 | ||
| 942 |
_2ddc _cBK |
||
| 999 |
_c145097 _d145097 |
||